000 01235nam0a2200313 4500
001 RU\NLR\bibl\884840
005 20260607064203.0
010 _a5-9639-0011-5
_910000
021 _aRU
_b2005-72798
_93582
035 _a(NLR Aleph) 000873383
090 _a1613583
_c1613583
100 _a20051207d2005 |||y0rusy50 ca
101 1 _arus
_ceng
102 _aRU
105 _aa |||||||||
200 1 _aВетер в ивах
_e[сказочная повесть
_eв пересказе для детей]
_fКеннет Грэм
_g[адапт.: Мальвина Г. Фогель
_gпер. с англ.: Алла Николаевская
_gил.: Лорна Томей]
210 _aМосква
_cДетство. Отрочество. Юность
_d2005
215 _a238, [1] с.
_cил.
_d21
225 1 _aИллюстрированная Классика
686 0 _aШ9(4Вл)60-4
700 1 _4070
_7ca
_8rus
_aГрэм
_bК.
_f1859-1932
_gКеннет
_96628
_3RU\NLR\auth\7723575
702 1 _aФогель
_bМ. Г.
_gМальвина Г
_4010
801 0 _aRU
_bNLR
_c20051207
_grcr
801 1 _aRU
_bNLR
_c20051207
942 _cBOOK
980 _aNB